|
|
|
|
| LEADER |
00000naa0a2200000 4500 |
| 001 |
647388 |
| 005 |
20250618123720.0 |
| 035 |
|
|
|a (RuTPU)RU\TPU\network\12527
|
| 035 |
|
|
|a RU\TPU\network\4202
|
| 090 |
|
|
|a 647388
|
| 100 |
|
|
|a 20160408d2015 k y0rusy50 ca
|
| 101 |
0 |
|
|a rus
|
| 102 |
|
|
|a RU
|
| 135 |
|
|
|a drgn ---uucaa
|
| 181 |
|
0 |
|a i
|
| 182 |
|
0 |
|a b
|
| 200 |
1 |
|
|a Определение макросечений взаимодействия нейтронов с NiAl, получаемым методом СВС
|f Д. Д. Касаткин, С. С. Чурсин
|
| 203 |
|
|
|a Текст
|c электронный
|
| 300 |
|
|
|a Заглавие с титульного листа
|
| 320 |
|
|
|a [Библиогр.: с. 81 (4 назв.)]
|
| 337 |
|
|
|a Adobe Reader
|
| 463 |
|
1 |
|t Тринадцатая всероссийская с международным участием школа - семинар по структурной макрокинетике для молодых ученых имени академика А.Г. Мержанова
|o программа и материалы XIII Всероссийской с международным участием школы-семинара, Черноголовка, 25-27 ноября 2015 г.
|f Российская академия наук (РАН), Институт структурной макрокинетики и проблем материаловедения (ИСМАН) ; Тамбовский государственный технический университет (ТГТУ) ; Московский государственный институт стали и сплавов (МИСиС) ; под ред. А. М. Столин
|v [С. 80-81]
|d 2015
|
| 610 |
1 |
|
|a электронный ресурс
|
| 610 |
1 |
|
|a труды учёных ТПУ
|
| 610 |
1 |
|
|a нейтроны
|
| 610 |
1 |
|
|a СВС
|
| 610 |
1 |
|
|a литье
|
| 610 |
1 |
|
|a металлургия
|
| 700 |
|
1 |
|a Касаткин
|b Д. Д.
|c специалист в области ядерных технологий
|c техник Томского политехнического университета
|g Денис Дмитриевич
|3 (RuTPU)RU\TPU\pers\35592
|
| 701 |
|
1 |
|a Чурсин
|b С. С.
|c физик-ядерщик
|c лаборант Томского политехнического университета
|f 1991-
|g Станислав Сергеевич
|3 (RuTPU)RU\TPU\pers\30542
|
| 712 |
0 |
2 |
|a Национальный исследовательский Томский политехнический университет (ТПУ)
|b Физико-технический институт (ФТИ)
|b Кафедра физико-энергетических установок (№ 21) (ФЭУ)
|3 (RuTPU)RU\TPU\col\18730
|
| 801 |
|
2 |
|a RU
|b 63413507
|c 20160408
|g RCR
|
| 850 |
|
|
|a 63413507
|
| 856 |
4 |
|
|u http://www.ism.ac.ru/events/AllRussiaSchool13/proceedings1.pdf#page=80
|
| 942 |
|
|
|c CF
|